<?xml version="1.0" encoding="UTF-8"?>
<record
    xmlns:xsi="http://www.w3.org/2001/XMLSchema-instance"
    xsi:schemaLocation="http://www.loc.gov/MARC21/slim http://www.loc.gov/standards/marcxml/schema/MARC21slim.xsd"
    xmlns="http://www.loc.gov/MARC21/slim">

  <leader>02272nam a2200289Ia 4500</leader>
  <controlfield tag="001">K0212</controlfield>
  <controlfield tag="003">IT-RoPAU</controlfield>
  <controlfield tag="008">130308s9999    xx            000 0 und d</controlfield>
  <datafield tag="040" ind1=" " ind2=" ">
    <subfield code="a">IT-RoPAU</subfield>
  </datafield>
  <datafield tag="040" ind1=" " ind2=" ">
    <subfield code="c">IT-RoPAU</subfield>
  </datafield>
  <datafield tag="041" ind1=" " ind2=" ">
    <subfield code="a">ITALIANO  </subfield>
  </datafield>
  <datafield tag="100" ind1=" " ind2=" ">
    <subfield code="a">Polazzo Marco</subfield>
  </datafield>
  <datafield tag="100" ind1=" " ind2=" ">
    <subfield code="g">Codice Aut. SPICS: 60099</subfield>
  </datafield>
  <datafield tag="245" ind1=" " ind2=" ">
    <subfield code="a">Antonio Balestra pittore veronese 1666-1740</subfield>
  </datafield>
  <datafield tag="245" ind1=" " ind2=" ">
    <subfield code="b">Antonio Balestra pittore Veronese 1666-1740                                                                                                               </subfield>
  </datafield>
  <datafield tag="250" ind1=" " ind2=" ">
    <subfield code="a">1a ed.</subfield>
  </datafield>
  <datafield tag="260" ind1=" " ind2=" ">
    <subfield code="a"> VERONA                         </subfield>
  </datafield>
  <datafield tag="260" ind1=" " ind2=" ">
    <subfield code="b">Libreria Cortina </subfield>
  </datafield>
  <datafield tag="260" ind1=" " ind2=" ">
    <subfield code="c">1978 [1&#xB0; Ed.:1978 - Ed.Ling.Originale:1978]</subfield>
  </datafield>
  <datafield tag="300" ind1=" " ind2=" ">
    <subfield code="a">"238 p. (prefazione: no ; testo: 238 [pagine: 0-0])"</subfield>
  </datafield>
  <datafield tag="500" ind1=" " ind2=" ">
    <subfield code="a">"Ricerche Storico Anagrafiche. manoscritto Autobiografico di Antonio Balestra al Sig. Abate Antonio Orlandi Pellegrino Conservato nella Biblioteca Augusta di Perugia. Trascrizione del manoscritto di Perugia. lettere di Antonio Balestra Inviate a Francesco Gabburri e a D. Francesco Valdalla raccolte da Bottari e Ticozzi. raccolta in Ordine cronologico delle Opere di Attribuzione Certa, firmate o Citate nel manoscritto di Perugia. Opere di A.I. proposte Sul Solo Dato Stilistico. Disegni. Incisioni. Bibliografia.Eleno topografico Generale delle Opere in Ordine Alfabetico di Localit&#xE0;. 86 tavole in bianco e Nero, 11 Disegni e 16 Incizioni: Beata Vergine col bambino in Braccio, S. Giuseppe e S. Giovannino; Ss. Annunciazione; S. Giovanni Battista Predicante nel Deserto; ricchezza della Terra; S. tommaso di Villanova; Annunciata; la Vergine, S. Francesco Borgia, S. Luigi, S. Stanislao; Beata Vergine e Santi Gesuiti; S. Francesco Riceve Stimmate; Transito di S. Giuseppe; Nativit&#xE0; di N.S. finta di Notte; Madonna col Bambino, S. Bartolomeo Apostolo, S. Rocco e S. Bernardino; S. Simone Stok, S. Giuseppe e la Madonna del Carmine; Nativit&#xE0; di N.S.; Martirio di S. Cassiano; S. Osvaldo; S. Pietro guarisce gli Ammalati con L'Ombra; B.V., S. Luca e S. Vincenzo; B.V., S. Pietro e S. Antonio di Padova; Giustizia e Pace; saggezza e Vanita'; Venere  D"</subfield>
  </datafield>
  <datafield tag="650" ind1=" " ind2=" ">
    <subfield code="a">AUTORI/OPERE DI PITTURA</subfield>
  </datafield>
  <datafield tag="650" ind1=" " ind2=" ">
    <subfield code="e">Codice materia Spics: 5207</subfield>
  </datafield>
  <datafield tag="942" ind1=" " ind2=" ">
    <subfield code="c">BK</subfield>
  </datafield>
  <datafield tag="957" ind1=" " ind2=" ">
    <subfield code="7">1</subfield>
  </datafield>
  <datafield tag="999" ind1=" " ind2=" ">
    <subfield code="c">77177</subfield>
    <subfield code="d">77177</subfield>
  </datafield>
  <datafield tag="999" ind1=" " ind2=" ">
    <subfield code="g">1</subfield>
  </datafield>
  <datafield tag="952" ind1=" " ind2=" ">
    <subfield code="0">0</subfield>
    <subfield code="1">0</subfield>
    <subfield code="4">0</subfield>
    <subfield code="6">K_000000000000000_0212</subfield>
    <subfield code="7">1</subfield>
    <subfield code="a">SPICS</subfield>
    <subfield code="b">SPICS</subfield>
    <subfield code="d">2013-03-08</subfield>
    <subfield code="l">0</subfield>
    <subfield code="o">K0212</subfield>
    <subfield code="r">2013-03-08 00:00:00</subfield>
    <subfield code="w">2013-03-08</subfield>
    <subfield code="y">BK</subfield>
    <subfield code="z">Progressivo inserimento:  23918 /  N. Volumi: 1 Copie: 1  / data import: 1 marzo 2013 - By Epidotti, Trombetti, Vaglietti. </subfield>
  </datafield>
</record>
